| 000 | 00730nam a2200193Ia 4500 | ||
|---|---|---|---|
| 003 | LDD | ||
| 008 | 190117s9999 xx 000 0 und d | ||
| 020 | _c₹75 | ||
| 040 | _cLDD | ||
| 041 | _ahi | ||
| 082 | _a8h0.3 सिं76को | ||
| 100 | _aसिंह, राम अधार | ||
| 245 | 0 |
_aकोश विज्ञान _b सिद्धांत एवं प्रयोग _cराम अधार सिंह |
|
| 260 |
_aमद्रास _bदक्षिण भारत हिन्दी प्रचार सभा _c1990 |
||
| 300 | _a184 | ||
| 901 | _aHBC | ||
| 904 | _aReqst by : वी.रा.जगन्नाथन | ||
| 942 |
_2ddc _cH |
||
| 999 |
_c173940 _d173940 |
||